General orders of the U.S. Bureau of Refugees, Freedmen, and Abandoned Lands, (Record no. 42765)

MARC details
000 -LEADER
fixed length control field 01150cpcaa2200265 a 4500
001 - CONTROL NUMBER
control field mm 80005606
003 - CONTROL NUMBER IDENTIFIER
control field DLC
005 - DATE AND TIME OF LATEST TRANSACTION
control field 20260227111703.0
008 - FIXED-LENGTH DATA ELEMENTS--GENERAL INFORMATION
fixed length control field 800115|||||||||||| eng
010 ## - LIBRARY OF CONGRESS CONTROL NUMBER
LC control number mm 80005606
040 ## - CATALOGING SOURCE
Original cataloging agency DLC
Transcribing agency DLC
Modifying agency DLC
Description conventions dacs
072 #7 - SUBJECT CATEGORY CODE
Subject category code W
Source lcmd
110 1# - MAIN ENTRY--CORPORATE NAME
Corporate name or jurisdiction name as entry element United States.
Subordinate unit Bureau of Refugees, Freedmen, and Abandoned Lands.
245 00 - TITLE STATEMENT
Title General orders of the U.S. Bureau of Refugees, Freedmen, and Abandoned Lands,
Inclusive dates 1865.
300 ## - PHYSICAL DESCRIPTION
Extent 1
Type of unit item.
506 0# - RESTRICTIONS ON ACCESS NOTE
Terms governing access Open to research.
520 8# - SUMMARY, ETC.
Summary, etc. Copy of general orders from Orlando Brown, assistant commander for Virginia, outlining regulations for the restoration of abandoned lands to original owners during Reconstruction.
533 ## - REPRODUCTION NOTE
Type of reproduction Handwritten transcript.
Place of reproduction [S.l.].
546 ## - LANGUAGE NOTE
Language note Collection material in English.
580 ## - LINKING ENTRY COMPLEXITY NOTE
Linking entry complexity note Forms part of: Miscellaneous Manuscripts collection.
600 10 - SUBJECT ADDED ENTRY--PERSONAL NAME
Personal name Brown, Orlando,
Dates associated with a name 1827-1904.
650 #0 - SUBJECT ADDED ENTRY--TOPICAL TERM
Topical term or geographic name entry element Land tenure
Geographic subdivision Virginia.
650 #0 - SUBJECT ADDED ENTRY--TOPICAL TERM
Topical term or geographic name entry element Reconstruction (U.S. history, 1865-1877)
Geographic subdivision Virginia.

No items available.

Powered by Koha